MDQL
is popping MORE tags! Check the
thread
!
Quizzes
Events
Quiz Creation
Community
Videos
Private Events
Remove Ads
Sign In
Join for FREE
Feedback
Dark Mode
Quiz Categories
Sports
Geography
Music
Movies
Television
Just For Fun
Miscellaneous
History
Literature
Language
Science
Gaming
Entertainment
Religion
Holiday
For Kids
Quiz Lab
Recent
Popular Today
Quiz Kudos Today
Editor Picks
Curator Picks
Quizzes by...
Day
Popularity
Type
Ratings
Length
Year
Community
Subscriptions
Recent Discussions
Orange Saloon
Badges
Playlists
Quests
Create
Leaderboards
Showdown
Live 5
Trivia Bingo
Activity
Puzzle Library
Sporcle Events
Private Events
Virtual Trivia
Globe League
Become a Host
Pub Owners
SporcleCon
Opinionation
Our Games
Videos
Blog
Mobile Apps
Partnerships
Remove Ads and Go Orange
Feedback
Music
Pop Music
The Beatles
Song
Album
Lyrics
Bands
Singers
Artist
Clip
Rock
Rap
Classical
Billboard
Country Music
Kpop
Taylor Swift
Music
Pop Music
The Beatles
Song
Album
Lyrics
Bands
Singers
Artist
Clip
Rock
Rap
Classical
Billboard
Country Music
Kpop
Taylor Swift
Random Quiz
Search Sporcle
×
Quiz Lab
Quiz Lab
Music
Clip
Type in answers that appear in a list
Type in answers that appear in a list
Classic
Best Score? Go Orange.
Guess The 50 British Songs Or Artists Stats
Can You Guess The 50 British Songs Or Artists From 1960 – 2014?
By
wonderwall
20m
50 Questions
297 Plays
297 Plays
297 Plays
Comments
Comments
Give Quiz Kudos
Give Quiz Kudos
-
- Ratings
hide this ad
More Info
Replay
Link that replays current quiz
Next Quiz
Link to next quiz in quiz playlist
You Got
0%
They Got
Avg Score
28%
Avg Friend Score
Upgrade to see
Score Distribution
Jump to the score distribution portion of the page
Score
0/50
Timer
20:00
0
Plays Today
Type the song or artist that corresponds
% Correct
Song 36
'Strawberry Fields Forever' by The Beatles
91.2%
Song 26
'You Can't Always Get What You Want' by The Rolling Stones
69.4%
Song 4
'Going Nowhere' by Oasis
53.5%
Song 11
'All Day And All Of The Night' by The Kinks
53.2%
Song 37
'Heroes' by David Bowie
52.9%
Song 12
'Message In A Bottle' by The Police
51.2%
Song 7
'You Should Be Dancing' by The Bee Gees
49.8%
Song 17
'God Save The Queen' by The Sex Pistols
47.5%
Song 39
'Beetlebum' by Blur
47.1%
Song 2
'Comfortably Numb' by Pink Floyd
46.8%
Song 42
'Maggie May' by Rod Stewart
46.5%
Song 48
'Rio' by Duran Duran
43.1%
Song 13
'Come On Eileen' by Dexy's Midnight Runners
42.8%
Song 29
'Bitter Sweet Symphony' by The Verve
40.7%
Song 3
'Cruel Summer' by Bananarama
36.7%
Song 33
'Still Ill' by The Smiths
36.4%
Song 9
'Do You Remember The First Time?' by Pulp
33.3%
Song 47
'Police and Thieves' by The Clash
32.3%
Song 41
'Don't Let Me Be Misunderstood' by The Animals
32%
Song 50
'Stop The World I Wanna Get Off With You' by Arctic Monkeys
32%
Song 30
'Valerie (Feat. Amy Winehouse)' by Mark Ronson
31.6%
Song 31
'A Whiter Shade Of Pale' by Procol Harum
28.6%
Song 1
'Bus Stop' by The Hollies
28.3%
Song 22
'Layla' by Derek & the Dominos
27.6%
Song 27
'Solsbury Hill' by Peter Gabriel
27.3%
Type the song or artist that corresponds
% Correct
Song 8
'Under Pressure' by Queen & David Bowie
26.9%
Song 14
'Babylon' by David Gray
25.9%
Song 44
'I Am The Resurrection' by The Stone Roses
23.6%
Song 21
'Itchycoo Park' by The Small Faces
21.5%
Song 49
'Beautiful Ones' by Suede
21.2%
Song 32
'Disorder' by Joy Division
19.5%
Song 6
'There's A Kind Of Hush' by Herman's Hermits
17.8%
Song 23
'Bizarre Love Triangle' by New Order
17.5%
Song 43
'Eyes Without A Face' by Billy Idol
17.5%
Song 19
'The Day We Caught The Train' by Ocean Colour Scene
16.5%
Song 34
'Born Slippy' by Underworld
16.5%
Song 16
'Colours' by Donovan
15.8%
Song 28
'Hysteria' by Def Leppard
15.2%
Song 45
'Seen It All' by Jake Bugg
13.1%
Song 35
'She Way Out' by The 1975
12.5%
Song 25
'Coming Home' by Kaiser Chiefs
10.4%
Song 38
'Melt With You' by Modern English
9.4%
Song 46
'I Go To Pieces' by Peter & Gordon
7.7%
Song 5
'We Sink' by Chvrches
7.4%
Song 10
'You & Me (Feat. Eliza Doolittle)' by Disclosure
7.4%
Song 14
'Melody Calling' by The Vaccines
5.7%
Song 24
'Vapour Trail' by Ride
5.7%
Song 18
'Birds Fly (Whisper To A Scream)' by The Icicle Works
5.1%
Song 20
'Bad Habit' by Foals
4.4%
Song 40
'Acrylic' by The Courteeners
4%
Quiz Playlist
Details
Report
Send in Message
Add To Playlist
More Info:
YouTube Video: http://youtu.be/kuguHAX2iBs
Classic:
Type in answers that appear in a list
Last Updated: Feb 16, 2017
Quiz Scoreboard
CHALLENGE
Sign Up to Join the Scoreboard
Show All
Scores
Hide
Comments
May contain spoilers
Recently Published
Holiday 10x10 Sorting Gallery
by lukepisani3
Holiday
15m
Two Season TV Shows II
by 123Four
Television
10m
Image Sorting: Flags VI
by Barbecue
Geography
2m
More to Explore
Quiz From the Vault
Featured Blog Post
14 Easter Pick-up Lines to Find Eggs With
hide this ad
You Might Also Like...
Tags
Artist Quiz
Clip Quiz
Song Quiz
1960s
1970s
1980s
1990s
2000s
2010s
50
British
UK
Today's Top Quizzes in Music
Browse Music
hide this ad
Today's Top Quizzes in Clip
Browse Clip
Top Contributed Quizzes in Music
1
5X2 Blitz: Bands II
2
Taylor Swift All Songs (2024)
3
5X2 Blitz: The Beatles
4
5X2 Blitz: Billboard
5
Music Artist by Three 2010s hits
6
5X2 Blitz: Billboard II
7
5X2 Blitz: Album
8
5X2 Blitz: Rock
9
5X2 Blitz: Singers
10
5X2 Blitz: Lyrics
Explore More
Trending Topics
NBA
Crossword
Harry Potter
Kpop
Marvel
Anime
Disney
Pokémon
Soccer
NFL
Puzzle
The Office
Country
Song
WWE
hide this ad
More By:
wonderwall
Quiz
Plays
Rating
Category
Featured
Created
Guess The 50 British Songs Or Artists
297
3.63
Music
May 23, 2014
Go to Creator's Profile
Score Distribution
Quiz Creator Spotlight
wonderwall
Follow
Send a Message
Quizzes Created
-
Created Quiz Play Count
-
More By This Creator
Popular Quizzes Today
1
Find the US States - No Outlines Minefield
2
Colored Red Africa Blitz
3
Find the 'City' Movie
4
The Countries of the World
5
5x2 Blitz: Bands
6
Find the Countries of Europe - No Outlines Minefield
7
Find the US States
8
US States
More Music Quizzes
Figure Out the Lyrics XIII
Published
Trending Quizzes
Colored Red Europe Blitz I
Colored Red Europe Blitz II
Colored Red Africa Blitz II
Even More Two Season TV Shows
Colored Red Africa Blitz III
Recently Updated
Odd Team Out - Big 4 Players
pecheneg
Quick Pick: 20 Twenties
pecheneg
March Madness Men's Triple Doubles
pecheneg
How Do You Spell That?
pecheneg
Godzilla Movies
pecheneg
Grab Bag: 4-10 Letters
pecheneg
2024 March Madness Bracket
pecheneg
Famous TV Couples
Peacemaker
Champions League XIs: Real Madrid
pecheneg
Largest US Cities 1790-2010
pecheneg
Trending Topics
Disney
Harry Potter
Kpop
Crossword
NBA
Marvel
Anime
Song
Puzzle
The Office
Soccer
Pokémon
Country
NFL
WWE
Your Account Isn't Verified!
In order to create a playlist on Sporcle, you need to verify the email address you used during registration. Go to your
Sporcle Settings
to finish the process.
Report this User
Report this user for behavior that violates our
Community Guidelines
.
Details:
Send Report
Go to the Sporcle.com Mobile Site →
Comments